000 00703nas a2200265 i 4500
001 2827
003 ES-MaACL
005 20250817062544.0
007 t|
008 001219c1956 sp a| | 0 ||pa d
080 _a06
245 0 0 _aAnales de la Fundación Juan March.
260 _aMadrid :
_bFundación Juan March,
_c1965-
300 _a35 v. ;
_c24 cm.
310 _aAnual,
_b1971-
362 0 _aT. 1 (1956/62)-
610 2 4 _aFundación Juan March
_94346
650 7 _aCultura
_2embne
_9170963
655 7 _2tgfbne
_9226866
_aRevistas
710 2 _aFundación Juan March
_94346
852 _aES-MaACL
_jP-865
866 0 _o1956-1974,1978,1980-2000.
942 _2udc
999 _c2827
_d2827